[Event "Cup Governor's (open)"]
[Site "masterchessopen.com Khanty Mansyisk (Russia)"]
[Date "2010.09.20"]
[Round "4"]
[White "Gutov Andrey (RUS)"]
[Black "Samdanov Samdan (RUS)"]
[Result "0-1"]
[WhiteElo "2461"]
[BlackElo "2058"]

1.d4 Nf6 2.c4 g6 3.Nc3 d5 4.Bf4 Bg7 5.e3 O-O 6.cxd5 Nxd5 7.Nxd5 Qxd5 8.Bxc7
Nc6 9.Ne2 Bg4 10.f3 Bf5 11.Nc3 Qe6 12.Kf2 Rac8 13.Bf4 Rfd8 14.g4 Nxd4 15.gxf5
Nxf5 16.Qb3 Rd2+ 17.Be2 Qxb3 18.axb3 Rxb2 19.Na4 Rbc2 20.b4 Bxa1 21.Rxa1 b6
22.Rd1 f6 23.e4 e5 24.Be3 Nxe3 25.Kxe3 Ra2 26.Bb5 Rc7 27.Rd3 Rac2 28.Rd6 Kg7
29.Kd3 Rf2 30.Ke3 Rxh2 31.Bc6 Rc2 32.b5 h5 33.Kd3 Rc1 34.Nc3 h4 35.Kd2 Ra1
36.Kc2 Rf1 37.Rd2 Rxf3 38.Rh2 g5 39.Kd2 Rc8 40.Nd5 Ra3 41.Rh1 a6 42.Bb7 Rd8
43.bxa6 f5 44.Ke2 f4 45.Rc1 g4 46.Rc7+ Kh6 47.Rc6+ Kg5 48.Re6 f3+ 49.Kf1 g3
50.Rxe5+ Kg4 {#R} 0-1

[Event "Ch Israel"]
[Site "masterchessopen.com Haifa (Israel)"]
[Date "2010.11.18"]
[Round "9"]
[White "Postny Evgeny (ISR)"]
[Black "Tseitlin Mark D (ISR)"]
[Result "1-0"]
[WhiteElo "2595"]
[BlackElo "2413"]

1.d4 Nf6 2.c4 g6 3.Nc3 d5 4.Bf4 Bg7 5.e3 O-O 6.cxd5 Nxd5 7.Nxd5 Qxd5 8.Bxc7
Na6 9.Bxa6 Qxg2 10.Qf3 Qxf3 11.Nxf3 bxa6 12.Rg1 f6 13.Rc1 Rf7 14.Ke2 Bd7
15.Rc3 e5 16.Bd6 Rd8 17.Bc5 Bb5+ 18.Kd2 f5 19.Kc1 exd4 20.Bxd4 f4 21.Ng5 fxe3
22.fxe3 Re7 23.Nf3 Bh6 24.Ng5 Rde8 25.h4 Bg7 26.Nf3 Be2 27.Bxg7 Kxg7 28.Nd4
Bh5 29.Nf5+ Kf6 30.Nxe7 Rxe7 31.Rc6+ Ke5 32.Rxa6 Ke4 33.Ra3 h6 34.Rc3 Rf7
35.Re1 Rf2 36.Rc4+ Ke5 37.Ra4 Rf7 38.e4 Bf3 39.Kd2 g5 40.Ke3 g4 41.Ra5+ Kd6
42.Rc1 {#r} 1-0

[Event "It (cat.9)"]
[Site "masterchessopen.com Petach Tikva (Israel)"]
[Date "2010.12.05"]
[Round "2"]
[White "Bykhovsky Avigdor (RUS)"]
[Black "Baron Tal (ISR)"]
[Result "0-1"]
[WhiteElo "2424"]
[BlackElo "2455"]

1.d4 Nf6 2.c4 g6 3.Nc3 d5 4.Bf4 Bg7 5.e3 O-O 6.cxd5 Nxd5 7.Nxd5 Qxd5 8.Bxc7
Na6 9.Bxa6 Qxg2 10.Qf3 Qxf3 11.Nxf3 bxa6 12.Rc1 f6 13.Rg1 Rf7 14.Ke2 Bd7
15.Nd2 e5 16.d5 Bb5+ 17.Kf3 f5 18.b3 Rd7 19.d6 Bf8 20.a4 Bxd6 21.Bxd6 Rxd6
22.axb5 Rxd2 23.bxa6 Rb8 24.Rgd1 e4+ 25.Kg2 Rd3 26.Re1 Rd7 27.Red1 Re7 28.Rd6
Rxb3 29.Rc8+ Kf7 30.Rdc6 Rd3 31.h4 Rdd7 32.Kg3 Re6 33.Kf4 Kf6 34.Rf8+ Rf7
35.Rfc8 Re7 36.Rf8+ Kg7 37.Rfc8 Kh6 38.Kg3 Rxc6 39.Rxc6 Kh5 40.Rf6 Rd7 41.Re6
h6 42.Rf6 Rc7 43.Re6 Rf7 44.Kh3 g5 45.hxg5 Kxg5 46.f4+ exf3 47.Kg3 Rf6 48.Re5
Rxa6 49.e4 Rf6 50.Kxf3 Kg6 51.Kg3 fxe4 52.Rxe4 Kf5 53.Ra4 a6 54.Ra1 Ke4
55.Ra4+ Kd5 56.Ra1 Kc4 57.Kg4 Rc6 58.Kg3 Kb5 59.Rb1+ Kc5 60.Rc1+ Kb6 61.Rb1+
Ka7 62.Ra1 h5 63.Ra5 Rh6 64.Ra1 h4+ 65.Kh3 Kb6 66.Rb1+ Kc5 67.Rc1+ Kb4 68.Rb1+
Kc3 69.Rc1+ Kb3 70.Kh2 h3 71.Kh1 h2 72.Rc5 Kb4 73.Rg5 Rh4 74.Rg6 a5 75.Rb6+
Ka3 76.Rf6 a4 {#R} 0-1

[Event "It (open)"]
[Site "masterchessopen.com Chennai (India)"]
[Date "2011.01.20"]
[Round "4"]
[White "Bykhovsky Avigdor (RUS)"]
[Black "Nishvin J (IND)"]
[Result "1-0"]
[WhiteElo "2434"]
[BlackElo "2071"]

1.d4 Nf6 2.c4 g6 3.Nc3 d5 4.Bf4 Bg7 5.e3 O-O 6.cxd5 Nxd5 7.Nxd5 Qxd5 8.Bxc7
Nc6 9.Ne2 Bg4 10.f3 Bxf3 11.gxf3 Qxf3 12.Rg1 Qxe3 13.Bf4 Qe4 14.Bg2 Qf5
15.Bxc6 bxc6 16.Qd2 Rfd8 17.O-O-O Qb5 18.Qc2 Rac8 19.Kb1 Rd7 20.Rg3 c5 21.Rb3
Qa5 22.Rbd3 c4 23.Rc3 Qb5 24.b3 Rb7 25.Rc1 Rd8 26.Rxc4 Rbd7 27.Qe4 Qa6 28.Rc7
f5 29.Qe3 Qb6 30.Rxd7 Rxd7 31.Be5 Qe6 32.Nf4 Bh6 33.Rc8+ Kf7 34.Rf8+ {#r} 1-0

[Event "Ch Region"]
[Site "masterchessopen.com Cheliabinsk (Russia)"]
[Round "3"]
[White "Protasov Aleksey"]
[Black "Tsvetkov Pavel (RUS)"]
[Result "1-0"]
[WhiteElo "1914"]
[BlackElo "2093"]

1.d4 Nf6 2.c4 g6 3.Nc3 d5 4.Bf4 Bg7 5.e3 O-O 6.cxd5 Nxd5 7.Nxd5 Qxd5 8.Bxc7
Na6 9.Bxa6 bxa6 10.Nf3 Bg4 11.h3 Bf5 12.O-O Qb7 13.Be5 f6 14.Bg3 Qxb2 15.Qb3+
Qxb3 16.axb3 Rac8 17.Rfc1 Bd3 18.Nd2 e5 19.dxe5 fxe5 20.Nc4 Rb8 21.Bxe5 Rxb3
22.Bxg7 Kxg7 23.Ne5 Bb5 24.Rc7+ Kg8 25.Rxa7 Rb2 26.f3 Rc8 27.Rd1 a5 28.Ng4 h5
29.Nf6+ Kf8 30.Rh7 Rbc2 31.Rd5 R2c5 32.Rh8+ Kf7 33.Rxc8 Rxc8 34.Rxb5 Kxf6
35.Rxa5 Rc2 36.h4 Rc4 37.e4 Rc2 38.Kh2 Rb2 39.Ra3 Rd2 40.Kg3 Re2 41.Ra6+ Kf7
42.Ra5 Kf6 43.Rg5 Re1 44.Kf4 Rh1 45.g3 {#r} 1-0

[Event "Tournament"]
[Site "masterchessopen.com Barcelona (Spain)"]
[Date "2011.04.12"]
[Round "2"]
[White "Colom Andres Xavier (ESP)"]
[Black "Exposito Amaro Josue (ESP)"]
[Result "0-1"]
[WhiteElo "1892"]
[BlackElo "2262"]

1.d4 Nf6 2.c4 g6 3.Nc3 d5 4.Bf4 Bg7 5.e3 O-O 6.cxd5 Nxd5 7.Nxd5 Qxd5 8.Bxc7
Na6 9.Bg3 e5 10.Nf3 exd4 11.Nxd4 Re8 12.Be2 Qxg2 13.Bf3 Qh3 14.Rc1 h5 15.Rg1
h4 {#R} 0-1

[Event "Ch Europe (juniors) (under 18) (g)"]
[Site "masterchessopen.com Albena (Bulgaria)"]
[Date "2011.09.15"]
[Round "5"]
[White "Batkovskyte Dominyka (LTU)"]
[Black "Kaya Emel (TUR)"]
[Result "0-1"]
[WhiteElo "2080"]
[BlackElo "2024"]

1.d4 Nf6 2.c4 g6 3.Nc3 d5 4.Bf4 Bg7 5.e3 O-O 6.cxd5 Nxd5 7.Nxd5 Qxd5 8.Bxc7
Bf5 9.Ne2 Na6 10.Nc3 Qc6 11.Bg3 Nb4 12.Rc1 Rac8 13.a3 Nd5 14.Qf3 Rfd8 15.Be2
Qb6 16.O-O Qxb2 17.Nxd5 Rxc1 18.Nxe7+ Kh8 19.Nxf5 gxf5 20.Qxf5 Rdc8 21.Bd3
Rxf1+ 22.Bxf1 Rc1 23.Qxf7 Qb5 {#R} 0-1

[Event "It (open) \"]
[Site "masterchessopen.com Caleta (England)"]
[Date "2012.01.26"]
[Round "3"]
[White "Pasanen Tuomo (FIN)"]
[Black "Ben Arzi Ido (ISR)"]
[Result "0-1"]
[WhiteElo "2008"]
[BlackElo "2284"]

1.d4 Nf6 2.c4 g6 3.Nc3 d5 4.Bf4 Bg7 5.e3 O-O 6.cxd5 Nxd5 7.Nxd5 Qxd5 8.Bxc7
Na6 9.Bxa6 Qxg2 10.Qf3 Qxf3 11.Nxf3 bxa6 12.Rc1 f6 13.Rc5 Rf7 14.b4 Bf8 15.d5
e5 16.Ba5 Bxc5 17.bxc5 Rb7 18.Nd2 Rb2 19.Bc3 Rc2 20.Ne4 Rc1+ 21.Kd2 Rxh1
22.Nxf6+ Kf7 23.Bxe5 h6 24.e4 Bb7 25.Ng4 h5 26.Ne3 Rc8 27.Nc4 Bxd5 28.Nd6+ Ke6
29.exd5+ Kxe5 30.Nxc8 Kxd5 31.Ne7+ Kxc5 32.Nxg6 Rxh2 33.Ke3 h4 34.f4 h3 35.f5
Rg2 36.Kf3 Rg1 {#R} 0-1

[Event "It (open) \"]
[Site "masterchessopen.com Caleta (England)"]
[Date "2012.01.26"]
[Round "3"]
[White "Valgmae Toomas (EST)"]
[Black "Baron Tal (ISR)"]
[Result "0-1"]
[WhiteElo "2208"]
[BlackElo "2498"]

1.d4 Nf6 2.c4 g6 3.Nc3 d5 4.Bf4 Bg7 5.e3 O-O 6.cxd5 Nxd5 7.Nxd5 Qxd5 8.Bxc7
Na6 9.Bxa6 Qxg2 10.Qf3 Qxf3 11.Nxf3 bxa6 12.Rc1 f6 13.Ke2 Bg4 14.h3 Bh5 15.d5
f5 16.b3 Rae8 17.Rc6 Rf6 18.Rhc1 e5 19.dxe6 Rfxe6 20.R6c4 Bh6 21.R1c3 Re4
22.Bd6 Bg7 23.Rc1 Rd8 24.Bf4 h6 25.Rc8 Ree8 26.Rxd8 Rxd8 27.h4 Rd7 28.Rc6 a5
29.Bc7 a4 30.bxa4 Kf7 31.a5 Bf6 32.a6 Bxh4 33.Bf4 Be7 34.Bxh6 g5 35.a4 Bg4
36.a5 Bd8 37.Rc4 Bh5 38.Rc5 Bg4 39.Rb5 Rd6 40.Rb7+ Kg6 {#R} 0-1

[Event "It (open) \"]
[Site "masterchessopen.com Caleta (England)"]
[Date "2012.01.28"]
[Round "5"]
[White "Pasanen Tuomo (FIN)"]
[Black "Loew Gerald (GER)"]
[Result "0-1"]
[WhiteElo "2008"]
[BlackElo "2251"]

1.d4 Nf6 2.c4 g6 3.Nc3 d5 4.Bf4 Bg7 5.e3 O-O 6.cxd5 Nxd5 7.Nxd5 Qxd5 8.Bxc7
Na6 9.Bxa6 Qxg2 10.Qf3 Qxf3 11.Nxf3 bxa6 12.Rc1 f6 13.Ke2 Bg4 14.Rhg1 Bh5
15.d5 f5 16.b4 Rae8 17.Rc6 Rf6 18.Rxf6 Bxf6 19.Rc1 Rc8 20.Rc5 Kf7 21.h3 Ke8
22.a4 Kd7 23.Bg3 Rxc5 24.bxc5 Kc8 25.c6 Bb2 26.Bf4 a5 27.Bg3 a6 28.Bf4 Ba3
29.Be5 Bd6 30.Bc3 e5 31.Bxa5 e4 32.Bc3 Bxf3+ 33.Kd2 Bg2 34.h4 Bf1 35.Bf6 Bc4
36.Kc3 Bxd5 37.Kd4 Bxc6 38.Bg5 Kd7 39.a5 Bb4 40.h5 Bxa5 41.hxg6 hxg6 {#R} 0-1

[Event "Tournament (Elo)"]
[Site "masterchessopen.com Goiania (Brazil)"]
[Date "2012.07.28"]
[Round "4"]
[White "Navarro Tiago Cunha (BRA)"]
[Black "Bernardes Rafael Esteves"]
[Result "0-1"]
[WhiteElo "2155"]
[BlackElo "1985"]

1.d4 Nf6 2.c4 g6 3.Nc3 d5 4.Bf4 Bg7 5.e3 O-O 6.cxd5 Nxd5 7.Nxd5 Qxd5 8.Bxc7
Nc6 9.Ne2 Bg4 10.Nc3 Qd7 11.f3 Bxf3 12.Qxf3 Qxc7 13.Be2 Qb6 14.Rb1 e5 15.d5
Nb4 16.O-O Nc2 17.Nd1 Bh6 18.Kh1 Nxe3 19.Nxe3 Qxe3 20.Rbd1 Rad8 21.Bc4 Qxf3
22.gxf3 Be3 23.Rfe1 Bf4 24.Kg2 a6 25.Re2 b5 26.Bb3 Rd6 27.Rc2 f5 28.Rc6 Rfd8
29.a4 Kg7 30.axb5 axb5 31.Rc5 Rb8 32.Rc7+ Kh6 {#R} 0-1

[Event "Ch Europe (juniors) (under 12)"]
[Site "masterchessopen.com Prague (Czech Republic)"]
[Date "2012.08.20"]
[Round "4"]
[White "Sorokin Aleksey"]
[Black "Shakhov Mikhail (RUS)"]
[Result "1-0"]
[WhiteElo "2110"]
[BlackElo "1781"]

1.d4 Nf6 2.c4 g6 3.Nc3 d5 4.Bf4 Bg7 5.e3 O-O 6.cxd5 Nxd5 7.Nxd5 Qxd5 8.Bxc7
Nc6 9.Ne2 Bg4 10.f3 Bc8 11.Nc3 Qd7 12.Bf4 b6 13.Bb5 a6 14.Ba4 b5 15.Bb3 Na5
16.Bd5 Bb7 17.Bxb7 Qxb7 18.O-O Rfd8 19.Qe2 Rac8 20.Rfc1 Qc6 21.Qe1 Qd7 22.Ne4
Nb7 23.Rxc8 Rxc8 24.Rc1 Rxc1 25.Qxc1 Nd6 26.Nxd6 exd6 27.Qc2 h6 28.h3 Qe6
29.Qb3 d5 30.Qd3 f5 31.Qc3 g5 32.Bg3 Kh7 33.a3 h5 34.Be5 Bxe5 35.dxe5 f4
36.exf4 gxf4 37.Qd4 Qf7 38.Qb6 Qe7 39.Qd6 Qh4 40.Kf1 Qg5 41.Qxd5 Qf5 42.Qe4
Kg6 43.e6 Qxe4 44.fxe4 Kf6 45.Kf2 Kxe6 46.Kf3 Ke5 47.h4 a5 48.b3 {#r} 1-0

[Event "Olympiad (under 16)"]
[Site "masterchessopen.com Istanbul (Turkey)"]
[Date "2012.08.29"]
[Round "1"]
[White "Jensen Tobias Ilsoe (DEN)"]
[Black "Radovanovic Nikola (SRB)"]
[Result "0-1"]
[WhiteElo "1812"]
[BlackElo "2191"]

1.d4 Nf6 2.c4 g6 3.Nc3 d5 4.Bf4 Bg7 5.e3 O-O 6.cxd5 Nxd5 7.Nxd5 Qxd5 8.Bxc7
Bf5 9.Ne2 Na6 10.Nc3 Qc6 11.Bg3 e5 12.d5 Qb6 13.e4 Qxb2 14.Qc1 Qxc1+ 15.Rxc1
Bd7 16.Bxa6 bxa6 17.O-O Rfc8 18.Nb1 f6 19.f4 Bb5 20.Rxc8+ Rxc8 21.Rd1 Kf7
22.fxe5 fxe5 23.Nd2 Ke7 24.Nf3 Kd6 25.Ng5 Rc7 26.Nxh7 Bh6 27.Nf6 Rc2 28.Bxe5+
Kxe5 29.Ng4+ Kxe4 30.Nxh6 Be2 31.Ra1 Kxd5 32.Nf7 a5 33.Ng5 a4 34.a3 Kc4 35.Kf2
Bd3+ 36.Ke3 Rxg2 37.Nf3 Kc3 38.Rc1+ Rc2 39.Rxc2+ Bxc2 40.Nd4 Kb2 41.Nxc2 Kxc2
42.h4 Kb3 43.Kd3 Kxa3 44.Kc3 a6 {#R} 0-1